000 00602nam a2200181 a 4500
005 20140412111240.0
008 010424s19uu xx 00 eng d
020 _a0-394-89934-2
050 _aTR(PS E
_bCl58 1988
100 _aAlley, R. W.
245 _aClever carpenter (The) /
_cby R. W. Alley.
260 _aNew York :
_bRandom House,
_c1988.
300 _a1v. (unp.) ; ill.
440 _aA Just Right Book
520 _aDespite the townspeople's objection, an eccentric carpenter sets out to build the perfect house for retired sea captain.
650 _aCarpenters-Fiction
999 _c102696
_d102696